| 000 | 00605nam a22001937a 4500 | ||
|---|---|---|---|
| 008 | 131011b xxu||||| |||| 00| 0 ger d | ||
| 020 | _a3540634134 | ||
| 041 | 0 | _ager | |
| 080 |
_a174.7:658 _x(083.94) |
||
| 245 | 1 | 0 |
_aAuftrags-und Projektmanagement _cMichael Kleinaltenkamp |
| 260 |
_aBerlin : _aNew York : _bSpringer ; _c1998. |
||
| 300 |
_a323 f. : _bme il. ; _c24 cm. |
||
| 500 | _aVorwort f. : [I] | ||
| 505 | _aLiteraturverzeichnis f. : 313 - 323 | ||
| 650 | 0 | _aKontratat | |
| 650 | 0 | _aMenaxhimi | |
| 700 | _aPlinke, Wulff | ||
| 942 |
_2udc _cBK |
||
| 999 |
_c110 _d110 |
||